Medicina sanitaria y administración de salud / (Record no. 171882)

MARC details
000 -LEADER
campo de control de longitud fija 00638nam a22001935i 4500
001 - NÚMERO DE CONTROL
campo de control 171882
003 - IDENTIFICADOR DE NÚMERO DE CONTROL
campo de control ES-MaACL
005 - FECHA Y HORA DE LA ÚLTIMA TRANSACCIÓN
campo de control 20230906214744.0
008 - DATOS DE LONGITUD FIJA--INFORMACIÓN GENERAL
campo de control de longitud fija 090605s1985 ag |||| | spa d
020 ## - NÚMERO INTERNACIONAL ESTÁNDAR DEL LIBRO
Número Internacional Estándar del Libro 950-02-0146-1
245 00 - MENCIÓN DEL TÍTULO
Título Medicina sanitaria y administración de salud /
Mención de responsabilidad, etc. director, Abraam Sonís.
250 ## - MENCION DE EDICION
Mención de edición 4ª ed.
260 ## - PUBLICACIÓN, DISTRIBUCIÓN, ETC.
Lugar de publicación, distribución, etc. Buenos Aires [etc.] :
Nombre del editor, distribuidor, etc. El Ateneo,
Fecha de publicación, distribución, etc. 1985.
300 ## - DESCRIPCIÓN FÍSICA
Extensión 2 v. ;
Dimensiones 26 cm.
505 8# - NOTA DE CONTENIDO CON FORMATO
Nota de contenido con formato Contiene: 1. Actividades y técnicas de salud pública -- 2. Atención de la salud
650 14 - PUNTO DE ACCESO ADICIONAL DE MATERIA--TÉRMINO DE MATERIA
Término de materia o nombre geográfico como elemento de entrada Salud pública.
9 (RLIN) 16973
700 1# - ENTRADA AGREGADA--NOMBRE PERSONAL
Nombre de persona Sonís, Abraam.
9 (RLIN) 140510
852 ## - LOCALIZACIÓN
Ubicación ES-MaACL
Número de control de estantería L-10607-8
itemnumber 112463
Holdings
Estatus retirado Estado de pérdida Estado de daño No para préstamo Biblioteca de origen Biblioteca actual Ubicación en estantería Fecha de adquisición Fuente de adquisición Total de préstamos Signatura topográfica completa Código de barras Visto por última vez Precio de reemplazo Tipo de ítem Koha
        Biblioteca del Ateneo de Madrid Biblioteca del Ateneo de Madrid Depósito 2 05/06/2009     L-10607-8 1180384 23/02/2023 23/02/2023 Libro impreso